logo

Bir Sreshtho Munshi Abdur Rouf Library
Jhenaidah Cadet College

Electric drive in woodworking / (Record no. 6202)

MARC details
000 -LEADER
fixed length control field 00888cam a22002651 4500
001 - CONTROL NUMBER
JCCL Control Number 6202
003 - CONTROL NUMBER IDENTIFIER
JCCL marc code BD-JhCC
005 - DATE AND TIME OF LATEST TRANSACTION
control field 20180125133657.0
008 - FIXED-LENGTH DATA ELEMENTS--GENERAL INFORMATION
fixed length control field 700706s1967 ru a 000 0 eng
035 ## - SYSTEM CONTROL NUMBER
system control number (BD-JhCC)6202
040 ## - CATALOGING SOURCE
Original cataloging agency DLC
Transcribing agency DLC
Modifying agency DLC
-- BD-JhCC
041 1# - LANGUAGE CODE
Language code of Book eng
050 00 - LIBRARY OF CONGRESS CALL NUMBER
Classification number TS850
Item number .G613
082 00 - DEWEY DECIMAL CLASSIFICATION NUMBER
Classification number 674/.43
Author mark and Year GOL 1967
100 1# - MAIN ENTRY--PERSONAL NAME
Personal name Golovach, A
240 10 - UNIFORM TITLE
Uniform title Elektrosilovoe oborudovanie derevoobrabaty-vai︠u︡shchikh predprii︠a︡tiĭ.
245 10 - TITLE STATEMENT
Title Electric drive in woodworking /
Statement of responsibility, etc [by] A. Golovach. Translated from the Russian by I. Savin.
260 ## - PUBLICATION, DISTRIBUTION, ETC. (IMPRINT)
Place of publication, distribution, etc Moscow :
Name of publisher, distributor, etc MIR Publishers,
Date of publication, distribution, etc 1967.
300 ## - PHYSICAL DESCRIPTION
Pagination 323 p.
Other physical details illus.
Dimensions 23 cm.
500 ## - GENERAL NOTE
General note Translation of Elektrosilovoe oborudovanie derevoobrabatyvai︠u︡shchikh predprii︠a︡tiĭ.
650 #0 - SUBJECT ADDED ENTRY--TOPICAL TERM
Topical term or geographic name as entry element Woodworking machinery
General subdivision Electric driving.
700 ## - ADDED ENTRY--PERSONAL NAME
Personal name Savin, I.
942 ## - ADDED ENTRY ELEMENTS (KOHA)
Source of classification or shelving scheme Dewey Decimal Classification
Koha item type Books
Holdings
Source of classification or shelving scheme Damaged status Not for loan Home library Current library Shelving location Total Checkouts Full call number Barcode Date last seen Copy number Koha item type
Dewey Decimal Classification     JCC Rouf Library JCC Rouf Library General Stacks   674/.43 GOL 1967 8062 01/16/2018 C - 1 Books

JCC Library | Contacts | JCC Home

Last Update on 23 September 2017
Copyright @ 2017-2020 JCC Rouf Library
Rouf Library, Jhenidah Cadet College (JCC), Bangladesh